000 00334nam a2200133 4500
005 20260530115303.0
100 1 _aCJ Lim
_931583
245 1 0 _aRealms of impossibility: Water
264 1 _bWiley * Academy
_c2002
300 _a204 páginas
336 _atexto
_2rdacontent
337 _asin medio
_2rdamedia
338 _avolumen
_2rdacarrier
999 _c12970
_d12970